Turecko. Atlas ekonoma.

Politická a hospodárska situácia v Tureckej republike. Hrubý domáci produkt a miera inflácie. Turecká mena a bankový systém. Istanbulská burza cenných papierov. Úsilie Turecka o získanie členstva v Európskych spoločenstvách. Turecký zahraničný obchod a jeho celkový vývoj v r. 1985-1991. Obchodné sty...

ver descrição completa

Na minha lista:
Detalhes bibliográficos
Autor principal: Hálek, J.
Formato: Capítulo de Livro
Idioma:tcheco
Assuntos:
Tags: Adicionar Tag
Sem tags, seja o primeiro a adicionar uma tag!

MARC

LEADER 00000naa a2200000 4500
001 r011993
005 20220826094716.5
041 0 |a cze 
044 |a CZ 
245 1 0 |a Turecko.  |b Atlas ekonoma.  |c J. Hálek 
520 |a Politická a hospodárska situácia v Tureckej republike. Hrubý domáci produkt a miera inflácie. Turecká mena a bankový systém. Istanbulská burza cenných papierov. Úsilie Turecka o získanie členstva v Európskych spoločenstvách. Turecký zahraničný obchod a jeho celkový vývoj v r. 1985-1991. Obchodné styky Turecka s bývalou ČSFR. 
610 2 0 |a Turecko 
610 2 0 |a situácia hospodárska 
610 2 0 |a údaje štatistické 
610 2 0 |a produkt domáci hrubý 
610 2 0 |a mena 
610 2 0 |a bankovníctvo 
610 2 0 |a burzy 
610 2 0 |a obchod zahraničný 
610 2 0 |a ČSFR 
100 1 |a Hálek, J.